Meditazioni del Primo Maestro alle suore Figlie di San Paolo (Record n. 95615)
[ formato base ]
| 000 -LEADER | |
|---|---|
| fixed length control field | 01840nam a2200277Ia 4500 |
| 001 - CONTROL NUMBER | |
| control field | F4945 |
| 003 - CONTROL NUMBER IDENTIFIER | |
| control field | IT-RoPAU |
| 008 - FIXED-LENGTH DATA ELEMENTS--GENERAL INFORMATION | |
| fixed length control field | 130308s9999 xx 000 0 und d |
| 040 ## - CATALOGING SOURCE | |
| Original cataloging agency | IT-RoPAU |
| 040 ## - CATALOGING SOURCE | |
| Transcribing agency | IT-RoPAU |
| 041 ## - LANGUAGE CODE | |
| Language code of text/sound track or separate title | ITALIANO |
| 100 ## - MAIN ENTRY--PERSONAL NAME | |
| Personal name | Alberione Giacomo |
| 100 ## - MAIN ENTRY--PERSONAL NAME | |
| Miscellaneous information | Codice Aut. SPICS: 10028 |
| 245 ## - TITLE STATEMENT | |
| Title | Meditazioni del Primo Maestro alle suore Figlie di San Paolo |
| 245 ## - TITLE STATEMENT | |
| Remainder of title | Meditazioni del Primo maestro Alle Suore Figlie di San Paolo |
| 250 ## - EDITION STATEMENT | |
| Edition statement | 1a ed. |
| 260 ## - PUBLICATION, DISTRIBUTION, ETC. (IMPRINT) | |
| Name of publisher, distributor, etc. | s.e. (senza Editrice o non identificata) |
| 260 ## - PUBLICATION, DISTRIBUTION, ETC. (IMPRINT) | |
| Date of publication, distribution, etc. | 1931 [1° Ed.:1931 - Ed.Ling.Originale:1931] |
| 300 ## - PHYSICAL DESCRIPTION | |
| Extent | "72 p. (prefazione: no ; testo: 72 [pagine: 0-0])" |
| 500 ## - GENERAL NOTE | |
| General note | Spirito Paolino (Natale 1929), Preziosità del Tempo della giovinezza (05.02.30), Vita Comune (06.02.30), Gesu' Modello e Fine della Vita Religiosa (06.02.30), Devozione a Maria Santissima nella Visita, Confessione Spirituale nella visita (23.05.30), Apostolo e Apostolato Stampa (14.07.31), la nostra fortuna (15.07.31), L'Apostolato (16.07.31), Esame di Coscienza (17.07.31), Maria Assunta (14/15.08.31), Atto di fede (18.08.31), Apostolato della Stampa (03.09.31), scopi del Rosario (02.10.31), Rosario canale di grazie (03.10.31), Rosario e Anime del Purgatorio (06.10.31), passione Predominante(25.10.31), Gesu' Cristo Re (25.10.31), Vita Comune (23.11.31), passione Predominante (27.11.31), Attende Tibi (30.11.31), Confessione (07.12.31), virtù familiari in Religione (09.12.31), virtù Familiari: Umiltà con gli inferiori (10.12.31), virtù Familiari: la Carità (11.12.31), Devozione Alla Madonna (12.12.31), Natale: Amore al Vangelo (25.12.31). Meditazioni Tenute nella Casa delle Figlie di San Paolo di Alba. |
| 650 ## - SUBJECT ADDED ENTRY--TOPICAL TERM | |
| Topical term or geographic name as entry element | SCRITTI DI GIACOMO ALBERIONE |
| 650 ## - SUBJECT ADDED ENTRY--TOPICAL TERM | |
| Relator term | Codice materia Spics: 9901 |
| 942 ## - ADDED ENTRY ELEMENTS (KOHA) | |
| Koha item type | LIBRO |
| 957 ## - | |
| -- | 1 |
| 999 ## - SYSTEM CONTROL NUMBERS (KOHA) | |
| -- | 1 |
| Withdrawn status | Lost status | Damaged status | Not for loan | Home library | Current library | Date acquired | Total Checkouts | Full call number | Date last seen | Price effective from | Koha item type | Public note |
|---|---|---|---|---|---|---|---|---|---|---|---|---|
| Buone Condizioni | Not For Loan | SPICS-MEDIATECA | SPICS-MEDIATECA | 08/03/2013 | F4945 | 08/03/2013 | 08/03/2013 | LIBRO | Progressivo inserimento: 60236 / N. Volumi: 1 Copie: 1 / data import: 1 marzo 2013 - By Epidotti, Trombetti, Vaglietti. |